ბათუმის შოთა რუსთაველის სახელმწიფო უნივერსიტეტის ბიბლიოთეკა

Технологические основы конструирования машин:сущность,направление и методы осуществления. (ბიბ.ჩანაწერი № 38691)

000 -LEADER
fixed length control field 00873nam a2200217Ia 4500
001 - CONTROL NUMBER
control field 4949
003 - CONTROL NUMBER IDENTIFIER
control field GE_BSU
008 - FIXED-LENGTH DATA ELEMENTS--GENERAL INFORMATION
fixed length control field 181216s||||||||xx |||||||||||||| ||und||
040 ## - CATALOGING SOURCE
Transcribing agency GE_BSU
080 ## - UNIVERSAL DECIMAL CLASSIFICATION NUMBER
Universal Decimal Classification number 621.01.001
100 ## - MAIN ENTRY--PERSONAL NAME
Personal name Гокун,В.Б.
245 ## - TITLE STATEMENT
Title Технологические основы конструирования машин:сущность,направление и методы осуществления.
245 ## - TITLE STATEMENT
Statement of responsibility, etc. Ред.Ю.В.Бейер.
250 ## - EDITION STATEMENT
Edition statement 3-е изд. перераб. и дополн.
260 ## - PUBLICATION, DISTRIBUTION, ETC.
Place of publication, distribution, etc. М.
260 ## - PUBLICATION, DISTRIBUTION, ETC.
Name of publisher, distributor, etc. Машгиз.
260 ## - PUBLICATION, DISTRIBUTION, ETC.
Date of publication, distribution, etc. 1963.
300 ## - PHYSICAL DESCRIPTION
Extent 736стр. с илл. 27см. библиогр.:стр.733-735.
653 ## - INDEX TERM--UNCONTROLLED
Uncontrolled term Технологические основы конструирования машин:Сущность,направление и методы осуществления
942 ## - ADDED ENTRY ELEMENTS (KOHA)
Koha item type წიგნი
ეგზემპლარები
Withdrawn status Lost status Damaged status Not for loan Date acquired Barcode Date last seen Price effective from Koha item type
        2018-12-17 11081 2018-12-17 2018-12-17 წიგნი